M. Hašan: "Skončil som v l. FC Košice!"

Bibliographic Details
Main Author: Petro, Tomáš (Author)
Corporate Author: 1. FC Košice (Author)
Format: Article
Language:Slovak
Subjects:

MARC

LEADER 00000nab a2200000 a 4500
001 vtls000927568
003 SK-MaSNL
005 20260303033416.0
008 040720e20020208xo 0 slo
035 |a KE36445 
040 |a KEVKJB  |b slo  |c KEVKJB  |e AACR2 
041 0 |a slo 
044 |a xo  |c SK 
080 |a 796.332  |2 1981 
100 1 |a Petro, Tomáš  |4 aut  |9 502986 
245 1 0 |a M. Hašan: "Skončil som v l. FC Košice!" 
590 |a Hašan, Miroslav  |b športový riaditeľ 1.FC 
600 1 7 |a Hašan, Miroslav  |2 KEVKJB  |9 1017118 
610 2 7 |a 1.FC Košice  |2 KEVKJB  |9 873226 
610 2 7 |a nástupca VSS Košice  |2 KEVKJB  |9 873315 
650 0 7 |a futbal  |2 KEVKJB  |9 3291 
650 0 7 |a rozhovory  |2 KEVKJB  |9 453585 
651 7 |a Košice (Slovensko)  |2 KEVKJB  |9 18694 
651 7 |a KE,  |2 KEVKJB  |9 877256 
655 7 |a periodikum  |2 snkbucl  |9 29553 
710 2 |a 1. FC Košice  |4 aut  |9 37362 
773 0 8 |t Sme  |g Roč. 10, č.33, 8.2.2002, s. 4 
773 0 8 |i Príl.:  |t Východ.- Č. 6 (2002) 
852 |a ZVYKNI  |b KIS3GCP 
999 |c 1669902  |d 1671832